000 00610nam a2200193Ia 4500
005 20250508155851.0
008 008 250505s9999 xx 000 0 eng d
037 _aTheses
040 _aFEDL
_beng
_cFEDL
041 _aeng
_2eng
084 _a370, SAR/TH
_qFEDL
100 _aSaraf Somnath
_9527323
245 0 _aConstruction and standardisation of an achievement test in Indian history for class 11th of the higher secondary schools of Delhi
260 _c1963
300 _a308p.
546 _aPh. D. Thesis, (Delhi University)
942 _cTH
_h370, SAR/TH
999 _c1359733
_d1359733